Statistics for Country words that come before #2

Click here to take the quiz!

General Stats

  • This quiz has been taken 43 times
  • The average score is 9 of 27

Answer Stats

AnswerHint% Correct
SpanishInquisition
86%
FrenchKissing
84%
SwedishMeatballs
73%
BritishColumbia
70%
GermanMeasles
70%
EnglishMuffin
65%
TurkishBaths
57%
DutchCourage
51%
ChineseWhispers
46%
SwissRoll
43%
FinnishLapphund
32%
CubanRumba
27%
HaitianVodou
27%
JapaneseEncephilitis
27%
BelgianBun
24%
ScottishDeerhound
19%
WelshLovespoon
16%
SyrianHamster
14%
Costa RicanColón
5%
Turkmen-bashi
5%
BasquePelota
3%
EthiopianWelo Opal
3%
MacedonianCall
3%
MalteseFigolli biscuits
3%
ManxQueenie
3%
SamoanSand
3%
SudaneseThoub
0%

Score Distribution

Percentile by Number Answered

Percent of People with Each Score

Your Score History

You have not taken this quiz